01610nam a2200265Ia 4500001000600000003000900006008004100015040001300056040001300069041001300082100002100095100002900116240001500145240003500160245001500195245001500210250001100225260002200236260001300258260004900271300004200320500092700362650002401289650003101313E2932IT-RoPAU130308s9999 xx 000 0 und d aIT-RoPAU cIT-RoPAU aITALIANO aAltaner Berthold gCodice Aut. SPICS: 48286 aPATROLOGIE gCodice Tit. Orig. Spics: T3044 aPatrologia bPatrologia a7a ed. aCASALE MONFERRATO bMarietti c1992 [1° Ed.:1968 - Ed.Ling.Originale:1931] a"658 p. (prefazione: 18; testo: 640)" a"Introduzione: Significato e importanza della Patrologia, Storia della Patrologia, Bibliografia Sistematica di Studi Recenti. parte I: Letteratura Cristiana Dalla Fine del I Secolo al Principio del Iv: padri Apostolici, Apologisti greci del Ii Secolo, scritti per la Vita delle Comunità€ del Ii e Iiisecolo, scritti Gnostici e Letteratura Antieretica del Ii Secolo, Apocrificristiani, Letteratura Cristiana Orientali e Occidentali del III Secolo, storici Cronisti Agiografi, Testi Sinodali e Liturgici dell'Antichità€ Cristiana. parte Ii: Periodo Aureo della Letteratura Patristica dal Concilio di Nicea 325 al Concilio di Calcedonia 451: Scrittori Orientali: Alessandrini ed Egiziani, Scrittori dell'Asia Minore, Scrittori Antiocheni e Siri, Letteratura Siriaca e Armena; Grandi padri e Scrittori dell'Occidente. parte Iii: Fine della Letteratura Patristica: Scrittori Latini e Scrittori Greci. Aggiunta Bibliografica." aPASTORALE E CULTURE eCodice materia Spics: 9302